000 00277nam a22001217a 4500
008 171101b xxu||||| |||| 00| 0 eng d
041 _aalb
080 _a339
100 _a59
101 _aTRE
245 _aGPKT UDHËZUES PËR TREGTINË NDËRKUFITARE
_cCRPM
942 _2udc
_cBK
999 _c37052
_d37052